00400pab a2200133 454500008004000000100001700040245009700057260000900154300001100163362000900174650002900183700002400212773003000236180718b1987 xxu||||| |||| 00| 0 eng d aSapir, Andre aIndia's export of manufactures to the European communitybRecent performance and constraints c1987 a379-98 aDec. aForeign Commerce - India aChristopher Stevens aDevelopment Policy Review